Diseño de pavimento flexible del tramo de carretera Chinandega - Corinto
Presenta el diseño de pavimento flexible del tramo de carretera Chinandega – Corinto mediante el análisis de los suelos a lo largo del tramo y de los bancos de materiales, proyección del tránsito que circulara por la vía y la determinación de los espesores de las capas de pavimento.
| Main Author: | |
|---|---|
| Other Authors: | |
| Format: | Tesis Section = Libro |
| Language: | Undetermined Spanish |
| Published: |
Managua
UNI
2007
|
| Subjects: |
| LEADER | 01083nam a2200265Ia 4500 | ||
|---|---|---|---|
| 008 | 240830s9999 xx 000 0 und d | ||
| 040 | |a BIBLIOTECA-RUPAP T.Mon 625.8 C352 | ||
| 041 | |a spa | ||
| 082 | |a T.Mon 625.8 C352 | ||
| 100 | 1 | |a Castillo Soza, Luis Francisco | |
| 245 | 1 | 0 | |a Diseño de pavimento flexible del tramo de carretera Chinandega - Corinto |
| 260 | |a Managua |b UNI |c 2007 | ||
| 300 | |a 71 p. :il. | ||
| 500 | |a Contiene: anexos. | ||
| 502 | |a Tesis (Ingeniero Civil)- UNI, 2007. | ||
| 520 | 3 | |a Presenta el diseño de pavimento flexible del tramo de carretera Chinandega – Corinto mediante el análisis de los suelos a lo largo del tramo y de los bancos de materiales, proyección del tránsito que circulara por la vía y la determinación de los espesores de las capas de pavimento. | |
| 650 | 7 | |a PAVIMENTOS | |
| 650 | 7 | |b PAVIMENTOS FLEXIBLES | |
| 650 | 7 | |c PAVIMENTGOS-DISEÑO Y CONSTRIUCCION | |
| 650 | 7 | |e ESTUDIO DE SUELOS | |
| 650 | 7 | |f ESTUDIO DE TRANSITO | |
| 700 | 1 | |a Tutor: |b Morales Urbina, Israel | |
| 942 | |c BK |2 ddc | ||
| 991 | |a TESIS | ||
| 999 | |c 18200 | ||